Größte Städte Indiens - Statistiken

Allgemein
  • Dieses Quiz wurde 5.416 mal gespielt
  • Das Durchschnittsergebnis liegt bei 7 aus 20
Antwortstatistiken
Bevölkerung Stadt % Korrekt
27,1 Mio. Mumbai
95%
34,6 Mio. Delhi
88%
17,7 Mio. Kolkata
72%
14,2 Mio. Bengaluru
58%
12,6 Mio. Chennai
54%
11,4 Mio. Hyderabad
48%
9,60 Mio. Ahmedabad
42%
2,55 Mio. Agra
33%
4,40 Mio. Jaipur
33%
7,75 Mio. Pune
32%
7,75 Mio. Surat
25%
4,13 Mio. Lucknow
24%
3,50 Mio. Nagpur
20%
2,90 Mio. Patna
17%
2,68 Mio. Bhopal
16%
3,65 Mio. Kanpur
16%
3,63 Mio. Indore
15%
3,00 Mio. Coimbatore
11%
3,28 Mio. Bhilai
6%
2,68 Mio. Chandigarh
6%
Keine übereinstimmenden Quizze gefunden
Verteilung der Resultate
Anzahl Personen mit jedem Resultat
Perzentil nach korrekt beantworteten Fragen
Ihre Resultats-Entwicklung
Sie haben dieses Quiz noch nicht gespielt